| 000 | 00000nam##2200000za#4500 |
| 001 | 9.681405 |
| 003 | CaOODSP |
| 005 | 20200401055933 |
| 007 | ta |
| 008 | 150407|2001||||xxc||||| f|0| 0 fre|d |
| 020 | |a0-662-85517-5 |
| 040 | |aCaOODSP|bfre |
| 043 | |an-cn--- |
| 086 | 1 |aEn40-619/2001F |
| 110 | 1 |aCanada.|bEnvironnement Canada. |bDirection de la protection de l'environnement. |
| 245 | 10|aLignes directrices pour la mise en application de la Loi canadienne sur la protection de l'environnement, 1999: article 199, Avis obligeant des plans d'urgence environnementale / |cPublié par le Programme des urgences environnementales. |
| 260 | |aOttawa - Ontario : |bEnvironnement Canada. |c2001. |
| 300 | |a39p. en pagination multiple. : |bréférences ; |c28 cm. |
| 563 | |aCouverture souple |
| 590 | |a01-09|b2001-03-02 |
| 691 | 07|aDroit de l'environnement|2gcpds |
| 691 | 07|aLutte contre la pollution|2gcpds |
| 691 | 07|aProtection de l'environnement|2gcpds |
| 691 | 07|aProtection civile|2gcpds |
| 775 | 08|tImplementation guidelines for Canadian Environmental Protection Act, 1999: Section 199, Authorities for requiring environmental emergency plans / |w(CaOODSP)9.648020 |
| 776 | 0#|tLignes directrices pour la mise en application de la Loi canadienne sur la protection de l'environnement, 1999 : |w(CaOODSP)9.640294 |